Statistics for 学生数の多い大学top100

Click here to take the quiz!

General Stats

  • This quiz has been taken 26 times
  • The average score is 61 of 100

Answer Stats

順位区分大学% Correct
1日本
100%
15大阪
100%
2早稲田
100%
5明治
100%
30名古屋
100%
28筑波
100%
26東北
100%
12東京
100%
16京都
100%
62東京工業
96%
53鹿児島
96%
24九州
96%
23青山学院
96%
27北海道
96%
14関西学院
96%
9関西
96%
3立命館
96%
13中央
96%
11同志社
96%
8法政
96%
57金沢
91%
37岡山
91%
32広島
91%
80埼玉
91%
29神戸
91%
34千葉
91%
18立教
91%
56山口
87%
72長崎
87%
6近畿
87%
48信州
87%
61横浜国立
87%
4慶應義塾
87%
58静岡
83%
60熊本
83%
66愛媛
83%
7東洋
83%
40新潟
83%
20龍谷
83%
73学習院
78%
69富山
74%
35上智
74%
96徳島
74%
17帝京
74%
68甲南
70%
75山形
70%
21東京理科
70%
22専修
70%
89琉球
70%
90茨城
61%
77獨協
61%
59愛知
61%
51国学院
61%
33駒沢
61%
41明治学院
61%
10東海
61%
25神奈川
61%
39京都産業
61%
97成蹊
57%
19福岡
57%
65南山
57%
43大東文化
57%
55帝京平成
52%
87大阪市立
48%
85西南学院
43%
36国士館
43%
38中京
39%
42東京農業
39%
95大阪府立
39%
45東北学院
39%
49関東学院
39%
44愛知学院
35%
50神戸学院
35%
83芝浦工業
35%
82北海学園
30%
91東京工科
30%
67東京電機
30%
64拓殖
30%
31名城
30%
93創価
26%
98東京都市
26%
54立正
26%
74桜美林
26%
63千葉工業
26%
92武蔵野
22%
99玉川
22%
88摂南
22%
70首都大東京
22%
46中部
17%
81北里
17%
86城西
13%
76文京
9%
94大阪経済
9%
52九州産業
9%
79明星
9%
71愛知淑徳
4%
84大阪産業
4%
78武庫川女子
0%
47関西外国語
0%
100国際医療福祉
0%

Score Distribution

Percentile by Number Answered

Percent of People with Each Score

Your Score History

You have not taken this quiz